000 00300nam a22001337a 4500
008 181106b xxu||||| |||| 00| 0 eng d
020 _a0314778624
041 _aeng
080 _23rd
_a612.39
100 _a10
101 _aNUT
245 _aUnderstanding Nutrition
_cWhitney,E.N
942 _2udc
_cBK
999 _c51916
_d51916